Métodos de cultivo para la investigación de salmonelosis y arizonosis animales (Record no. 57615)

MARC details
000 -LEADER
fixed length control field nam a22 7a 4500
005 - DATE AND TIME OF LATEST TRANSACTION
control field 20180425123811.0
008 - FIXED-LENGTH DATA ELEMENTS--GENERAL INFORMATION
fixed length control field a050609t19771977sp 000 0 spa u
020 ## - INTERNATIONAL STANDARD BOOK NUMBER
International Standard Book Number 8420000108
050 04 - LIBRARY OF CONGRESS CALL NUMBER
Classification number SF995.6.S3
Item number A86 1977
110 1# - MAIN ENTRY--CORPORATE NAME
Corporate name or jurisdiction name as entry element Asociación Americana de Veterinarios Especialistas en Diagnóstico de Laboratorio
240 10 - UNIFORM TITLE
Uniform title Culture methods for the detection of animal salmonellosis and arizonosis
Language of a work eng
245 10 - TITLE STATEMENT
Title Métodos de cultivo para la investigación de salmonelosis y arizonosis animales
Statement of responsibility, etc / preparado por el Comité sobre salmonelosis y arizonosis (Asociación Americana de Veterinarios Especialistas en Diagnóstico de Laboratorio) ; editado Edwin M. Ellis ;tr. José M.Tarazona Vilas.
250 ## - EDITION STATEMENT
Edition statement 1a ed.
260 ## - PUBLICATION, DISTRIBUTION, ETC. (IMPRINT)
Place of publication, distribution, etc Zaragoza, España :
Name of publisher, distributor, etc Acribia,
Date of publication, distribution, etc 1977
300 ## - PHYSICAL DESCRIPTION
Extent viii, 98 p. ;
Dimensions 25 cm.
490 0# - SERIES STATEMENT
Series statement Un manual de la Asociación Americana de Veterinarios Especialistas en Diagnóstico de Laboratorio
504 ## - BIBLIOGRAPHY, ETC. NOTE
Bibliography, etc Bibliografía : p. 95-98
506 ## - RESTRICTIONS ON ACCESS NOTE
Terms governing access Rec. DGB.
506 ## - RESTRICTIONS ON ACCESS NOTE
Terms governing access MVZ
650 #7 - SUBJECT ADDED ENTRY--TOPICAL TERM
Topical term or geographic name as entry element Salmonelosis
Source of heading or term enfermedades
650 #7 - SUBJECT ADDED ENTRY--TOPICAL TERM
Topical term or geographic name as entry element Arizonosis
Source of heading or term lemb
General subdivision bacterias
700 ## - ADDED ENTRY--PERSONAL NAME
Personal name Ellis, Edwin M.,
Relator term editor
700 ## - ADDED ENTRY--PERSONAL NAME
Personal name Tarazona Vilas, José M.,
Relator term traductor
942 ## - ADDED ENTRY ELEMENTS (KOHA)
Source of classification or shelving scheme Biblioteca del Cogreso de los Estados Unidos
Koha item type Libro
Holdings
Estado de pérdida Fuente de clasificación Estado del daño No para préstamo Ubicación permanente Ubicación actual Apartado o colección Fecha de adquisición Edición Área del conocimiento Clasificación Código de Barras Date last seen Número de copia Tipo de recurso
  Biblioteca del Cogreso de los Estados Unidos     Biblioteca de la Facultad de Medicina Veterinaria y Zootecnia Biblioteca de la Facultad de Medicina Veterinaria y Zootecnia General 25/04/2018 1a ed. Ciencias Agropecuarias SF995.6.S3 A86 1977 MVZ000004685 25/04/2018 C:1 Libro
  Biblioteca del Cogreso de los Estados Unidos     Biblioteca de la Facultad de Medicina Veterinaria y Zootecnia Biblioteca de la Facultad de Medicina Veterinaria y Zootecnia General 25/04/2018 1a ed. Ciencias Agropecuarias SF995.6.S3 A86 1977 MVZ000004686 25/04/2018 C:2 Libro
  Biblioteca del Cogreso de los Estados Unidos     Biblioteca de la Facultad de Medicina Veterinaria y Zootecnia Biblioteca de la Facultad de Medicina Veterinaria y Zootecnia General 25/04/2018 1a ed. Ciencias Agropecuarias SF995.6.S3 A86 1977 MVZ000004687 25/04/2018 C:3 Libro